000 00423cam a2200169 4500
001 D13386
008 090401t1900 xxu||||| |||| 00| 0 eng d
035 _a(Sirsi) u9412
041 _aeng
100 _aMarriott, H.P.
245 _aInventory and valuation: household furniture etc at Ben Madigan
260 _bW H Montgomery and Sons
_c1900
350 _a0
520 _aShelf 118
942 _n0
948 _c04/03/1997
999 _c86633
_d86633